[Event "RF-2015-0-00232"]
[Site "LSS email"]
[Date "2015.04.21"]
[Round "?"]
[White "Bodycombe, Matthew"]
[Black "Perez Garcia, Miguel"]
[Result "0-1"]
[WhiteElo "1162"]
[BlackElo "1268"]
[PlyCount "47"]
[EventDate "2015.03.17"]
[EventType "tourn (corr)"]
[EventRounds "6"]
[EventCountry "GER"]
[SourceTitle "Corr 2022"]
[Source "ChessBase"]
[SourceDate "2021.10.24"]
[SourceVersion "1"]
[SourceVersionDate "2021.10.24"]
[SourceQuality "1"]

1. e4 e5 2. Nf3 Nf6 3. d4 Nxe4 4. dxe5 d5 5. Be3 Bg4 6. Bd3 Nc6 7. Nbd2 Nxd2 8. Qxd2 Bxf3 9. gxf3 Nxe5 10. Qe2 Qf6 11. f4 Nxd3+ 12. Qxd3 c6 13. 0-0-0 Bd6 14. Rhg1 Bxf4 15. Kb1 Bxe3 16. Qxe3+ Kf8 17. Rge1 g6 18. Qd2 Re8 19. Rf1 Kg7 20. h4 h5 21. Qb4 Re7 22. c3 Rhe8 23. f4 Qf5+ 24. Ka1 0-1

[Event "OP-2015-0-03698"]
[Site "LSS email"]
[Date "2015.04.21"]
[Round "?"]
[White "Marttynov, Albert"]
[Black "Bodycombe, Matthew"]
[Result "1-0"]
[WhiteElo "800"]
[BlackElo "1162"]
[PlyCount "26"]
[EventDate "2015.04.13"]
[EventType "tourn (corr)"]
[EventRounds "4"]
[EventCountry "GER"]
[SourceTitle "Corr 2022"]
[Source "ChessBase"]
[SourceDate "2021.10.24"]
[SourceVersion "1"]
[SourceVersionDate "2021.10.24"]
[SourceQuality "1"]

1. e4 e5 2. Nf3 Nc6 3. Bb5 Nf6 4. d3 Qe7 5. 0-0 a6 6. Bxc6 bxc6 7. c4 Qe6 8. d4 d6 9. Qa4 Bd7 10. dxe5 Nxe4 11. Re1 Be7 12. Rxe4 f5 13. Nd4 fxe4 1-0

[Event "OP-2013-0-03049"]
[Site "LSS email"]
[Date "2013.11.11"]
[Round "?"]
[White "Bodycombe, Matthew"]
[Black "Willmann, Bernd"]
[Result "0-1"]
[WhiteElo "800"]
[BlackElo "1985"]
[PlyCount "32"]
[EventDate "2013.10.06"]
[EventType "tourn (corr)"]
[EventRounds "4"]
[EventCountry "GER"]
[SourceTitle "Telechess CBM 167"]
[Source "ChessBase"]
[SourceDate "2015.07.13"]
[SourceVersion "1"]
[SourceVersionDate "2015.07.13"]
[SourceQuality "1"]

1. d4 Nf6 2. Nc3 d5 3. e3 e6 4. Nf3 c5 5. Be2 Nc6 6. 0-0 a6 7. Bd3 c4 8. h3 cxd3 9. cxd3 b5 10. a3 Be7 11. e4 0-0 12. Bf4 Bb7 13. exd5 Nxd5 14. Nxd5 Qxd5 15. Qc2 Nxd4 16. Nxd4 Qxg2# 0-1

[Event "OP-2013-0-03092"]
[Site "LSS email"]
[Date "2013.11.01"]
[Round "?"]
[White "Bodycombe, Matthew"]
[Black "Molina, Vicente Andres"]
[Result "0-1"]
[WhiteElo "1602"]
[BlackElo "838"]
[PlyCount "54"]
[EventDate "2013.10.28"]
[EventType "tourn (corr)"]
[EventRounds "4"]
[EventCountry "GER"]
[SourceTitle "Telechess CBM 167"]
[Source "ChessBase"]
[SourceDate "2015.07.13"]
[SourceVersion "1"]
[SourceVersionDate "2015.07.13"]
[SourceQuality "1"]

1. e4 c5 2. d3 d6 3. Nf3 Nc6 4. Nc3 e6 5. g3 Nge7 6. Bh3 g6 7. Be3 Bg7 8. 0-0 0-0 9. Qd2 f5 10. Rae1 Nd4 11. Bxd4 cxd4 12. Ne2 e5 13. c4 dxc3 14. Qxc3 Be6 15. d4 Rc8 16. dxe5 Rxc3 17. bxc3 dxe5 18. Nxe5 Bxe5 19. c4 Bxc4 20. Rc1 Bxe2 21. Rfe1 Bg4 22. Bxg4 fxg4 23. Rc5 Bd4 24. Rd1 Bxf2+ 25. Kg2 Qxd1 26. Rc7 Qf3+ 27. Kf1 Bxg3+ 0-1

[Event "OP-2013-0-03049"]
[Site "LSS email"]
[Date "2013.10.09"]
[Round "?"]
[White "Bodycombe, Matthew"]
[Black "Lenz, Juergen"]
[Result "0-1"]
[WhiteElo "1602"]
[BlackElo "1151"]
[PlyCount "29"]
[EventDate "2013.10.06"]
[EventType "tourn (corr)"]
[EventRounds "4"]
[EventCountry "GER"]
[SourceTitle "Corr 2022"]
[Source "ChessBase"]
[SourceDate "2021.10.24"]
[SourceVersion "1"]
[SourceVersionDate "2021.10.24"]
[SourceQuality "1"]

1. e4 Nf6 2. Nc3 d5 3. exd5 Nxd5 4. Bc4 Nb6 5. Bb3 Nc6 6. d3 Bf5 7. Be3 e6 8. Qe2 Be7 9. Nf3 0-0 10. 0-0 Bf6 11. Bc5 Re8 12. Bxb6 axb6 13. Rad1 Bg4 14. Ne4 Nd4 15. Nxd4 0-1